000 00579nam a2200229Ia 4500
003 OSt
005 20221005123643.0
006 a|||||r|||| 00| 0
007 ta
008 221004b |||||||| |||| 00| 0 kan d
024 _a61332
037 _cTextual
040 _aCRL
_cCRL
_bkan
041 _2kan
_akan
082 _aO33,3(Y:31)x, N9
100 _aKapse Gurulinga Au.
_9633957
245 0 _aMadhurachenna
260 _c1999
650 _aKANNAD FICTION
942 _hO33,3(Y:31)x, N9
_cTEXL
_2cc
999 _c1048027
_d1048027